[Event "4NCL Online Division 5"]
[Site "online"]
[Date "2020.06.09"]
[Round "10.232"]
[White "Kucukyildiz, Alp Tugrul"]
[Black "Gill, Veer"]
[Result "1-0"]
[WhiteElo "1397"]
[BlackElo "1285"]
[PlyCount "47"]
[EventDate "2020.06.09"]
[WhiteTeam "Wimbledon 3"]
[BlackTeam "Hatch End B"]

1. e4 e5 2. Nf3 Nc6 3. Bb5 Nf6 4. O-O Bc5 5. d3 O-O 6. Bg5 h6 7. Bh4 d6 8. h3
Be6 9. Nc3 a6 10. Ba4 b5 11. Bb3 Qe7 12. Bd5 Bxd5 13. Nxd5 Qe6 14. Bxf6 gxf6
15. Nxc7 Qd7 16. Nxa8 Rxa8 17. Qd2 Kg7 18. Nh4 Ne7 19. c3 d5 20. Rad1 d4 21.
Kh1 Ng6 22. Nf5+ Kh7 23. Qxh6+ Kg8 24. Qg7# 1-0

[Event "4NCL Online Division 5"]
[Site "online"]
[Date "2020.06.09"]
[Round "10.233"]
[White "Shah, Ashok"]
[Black "Li, Sophia"]
[Result "1/2-1/2"]
[WhiteElo "1187"]
[BlackElo "1097"]
[PlyCount "88"]
[EventDate "2020.06.09"]
[WhiteTeam "Hatch End B"]
[BlackTeam "Wimbledon 3"]

1. e4 e5 2. Nf3 Nc6 3. Nc3 Nf6 4. d4 exd4 5. Nxd4 Bc5 6. Be3 Bb6 7. Bc4 O-O 8.
Bg5 Nxd4 9. Nd5 d6 10. c3 Ne6 11. Bxf6 gxf6 12. Qg4+ Kh8 13. Bd3 Nc5 14. Qh4
Nxd3+ 15. Kd2 Ne5 16. Nxf6 Kg7 17. Qg5+ Ng6 18. Nh5+ Kh8 19. Qh6 Rg8 20. Rhe1
Bg4 21. f4 Bxh5 22. Qxh5 Nxf4 23. Qh6 Rxg2+ 24. Kc1 Nd3+ 25. Kd1 Nxe1 26. Rc1
Nd3 27. Rc2 Rg4 28. Qh3 Ne5 29. Rf2 Bxf2 30. Qh5 Qf6 31. h3 Qf3+ 32. Kc2 Qe2+
33. Kb3 Rxe4 34. Qf5 Qc4+ 35. Kc2 Re2+ 36. Kd1 Rg8 37. Qf6+ Rg7 38. Qd8+ Rg8
39. Qf6+ Rg7 40. Qd8+ Rg8 41. Qf6+ Rg7 42. Qd8+ Rg8 43. Qf6+ Rg7 44. Qd8+ Rg8
1/2-1/2

[Event "4NCL Online Division 5"]
[Site "online"]
[Date "2020.06.09"]
[Round "10.241"]
[White "Nettleton, Robin"]
[Black "Liu, Jason"]
[Result "0-1"]
[WhiteElo "1487"]
[BlackElo "1000"]
[PlyCount "100"]
[EventDate "2020.06.09"]
[WhiteTeam "Harrow 4"]
[BlackTeam "BBC Penguins"]

1. d4 d6 2. Bf4 Nf6 3. e3 g6 4. c3 Bg7 5. Be2 O-O 6. g4 c6 7. h4 Qc7 8. h5 e5
9. dxe5 dxe5 10. Bg5 Ne4 11. Bh4 Be6 12. Qc2 Nf6 13. Bxf6 Bxf6 14. f3 Nd7 15.
Bd3 Kg7 16. Nd2 Nc5 17. hxg6 fxg6 18. O-O-O Nxd3+ 19. Qxd3 Rad8 20. Qc2 b5 21.
Ne4 Rxd1+ 22. Qxd1 Qd7 23. Nh3 Qxd1+ 24. Rxd1 Rd8 25. b3 Rxd1+ 26. Kxd1 Be7 27.
Kc2 h5 28. g5 Bxh3 29. f4 exf4 30. exf4 Bf5 31. Kd3 Bxe4+ 32. Kxe4 Kf7 33. Ke5
h4 34. Ke4 h3 35. Kf3 h2 36. Kg2 Bd6 37. Kxh2 Bxf4+ 38. Kg2 Bxg5 39. Kf3 Ke6
40. Ke4 Bd2 41. c4 bxc4 42. bxc4 g5 43. a4 g4 44. a5 g3 45. Kf3 Be1 46. Kg2 Ke5
47. Kf1 Bf2 48. Kg2 Kd4 49. Kf3 Kxc4 50. Kg2 c5 0-1

[Event "4NCL Online Division 5"]
[Site "online"]
[Date "2020.06.09"]
[Round "10.242"]
[White "Liu, Benjamin"]
[Black "Dilukshan, Manoharan"]
[Result "1-0"]
[WhiteElo "700"]
[BlackElo "1480"]
[PlyCount "69"]
[EventDate "2020.06.09"]
[WhiteTeam "BBC Penguins"]
[BlackTeam "Harrow 4"]

1. d4 Nf6 2. c4 g6 3. Nc3 Bg7 4. e4 d6 5. Be2 O-O 6. Bg5 c6 7. Nf3 Qb6 8. O-O
Qxb2 9. Na4 Qb4 10. Bd2 Qa3 11. Qc2 b5 12. cxb5 c5 13. Rab1 Nxe4 14. Bc1 Bf5
15. Bxa3 Nxf2 16. Qd2 Bxb1 17. Rxb1 Ne4 18. Qe3 Nf6 19. dxc5 dxc5 20. Bb2 Nbd7
21. Rf1 Rac8 22. Ng5 Bh6 23. h4 Nd5 24. Qf3 Bxg5 25. hxg5 e6 26. Qh3 N7b6 27.
Qh6 f6 28. Rxf6 Nxf6 29. Bxf6 Rf7 30. Bg4 Re8 31. Nxc5 Nd5 32. Bxe6 Nxf6 33.
gxf6 Rxe6 34. Nxe6 Rxf6 35. Qg7# 1-0

[Event "4NCL Online Division 5"]
[Site "online"]
[Date "2020.06.09"]
[Round "10.243"]
[White "Patel, Krrish"]
[Black "Bell, Euan"]
[Result "0-1"]
[WhiteElo "1345"]
[BlackElo "700"]
[PlyCount "42"]
[EventDate "2020.06.09"]
[WhiteTeam "Harrow 4"]
[BlackTeam "BBC Penguins"]

1. d4 d5 2. Bf4 e6 3. Nf3 Nc6 4. e3 f6 5. Bb5 Bd7 6. c3 Bd6 7. Bxd6 cxd6 8. Qa4
a6 9. Bd3 b5 10. Qd1 e5 11. dxe5 Nxe5 12. Nxe5 dxe5 13. Bc2 Qc7 14. Nd2 Rc8 15.
Nf3 Ne7 16. O-O Bg4 17. Bb3 e4 18. Bxd5 Nxd5 19. Qxd5 exf3 20. Qe4+ Qe5 21.
Qxg4 fxg2 0-1

[Event "4NCL Online Division 5"]
[Site "online"]
[Date "2020.06.09"]
[Round "10.244"]
[White "Florczak, Adam"]
[Black "Walker, David J R"]
[Result "0-1"]
[WhiteElo "700"]
[BlackElo "1285"]
[PlyCount "152"]
[EventDate "2020.06.09"]
[WhiteTeam "BBC Penguins"]
[BlackTeam "Harrow 4"]

1. e4 c5 2. Nf3 d6 3. Bc4 e6 4. Nc3 Nf6 5. O-O Be7 6. d3 O-O 7. Bg5 Nc6 8. Bb5
Bd7 9. e5 dxe5 10. Bxc6 Bxc6 11. Nxe5 Qc7 12. Nxc6 Qxc6 13. Qd2 Rfe8 14. Qf4
Rad8 15. Qg3 b6 16. Bh6 g6 17. Rae1 Qd7 18. Ne4 Rc8 19. Re3 Qd8 20. Rf3 Kh8 21.
Ng5 Rf8 22. Ne4 Re8 23. Bg5 Nxe4 24. dxe4 Bxg5 25. Rxf7 Bh4 26. Qe5+ Bf6 27.
Rxf6 Kg8 28. Rxe6 Kf7 29. Rxe8 Qxe8 30. Qxe8+ Rxe8 31. f3 Rd8 32. c4 Rd2 33. e5
Rxb2 34. Re1 Ke6 35. f4 Rxa2 36. Rd1 Re2 37. Rd6+ Ke7 38. Kf1 Re4 39. g3 a5 40.
Rxb6 Rxc4 41. Ke2 Rb4 42. Rc6 c4 43. e6 a4 44. Kd2 a3 45. Ra6 Rb2+ 46. Kc3 Rf2
47. Kxc4 Rf3 48. Kd5 Re3 49. Ra7+ Kf6 50. Kd6 Rxe6+ 51. Kd5 Re3 52. Kd4 Rb3 53.
Kc4 Rf3 54. Ra6+ Kf5 55. Ra5+ Kg4 56. Kb4 Kh3 57. g4 Kxg4 58. f5 gxf5 59. Ra7
f4 60. Rg7+ Kf5 61. Rf7+ Ke6 62. Rxh7 a2 63. Rh6+ Kf5 64. Rh5+ Kg4 65. Ra5 Rf2
66. Kc4 Re2 67. Kd3 f3 68. Ra4+ Kh3 69. Ra5 Rxh2 70. Ke3 f2 71. Rh5+ Kg3 72.
Rg5+ Kh4 73. Rf5 a1=Q 74. Rf6 Qxf6 75. Ke4 Qe6+ 76. Kf4 f1=Q# 0-1

[Event "4NCL Online Division 5"]
[Site "online"]
[Date "2020.06.09"]
[Round "10.251"]
[White "Demjan, Denisz"]
[Black "Eccleston, Bryony"]
[Result "0-1"]
[WhiteElo "1277"]
[BlackElo "1330"]
[PlyCount "158"]
[EventDate "2020.06.09"]
[WhiteTeam "Watford Juniors B"]
[BlackTeam "Manchester Juniors C"]

1. Nf3 e6 2. d4 d5 3. Bf4 c5 4. e3 Nc6 5. Bb5 Bd7 6. Nc3 Nf6 7. O-O Be7 8. h3
O-O 9. Qd2 Qb6 10. Rab1 cxd4 11. Nxd4 Nxd4 12. Bxd7 Nxd7 13. exd4 Rac8 14. Rfd1
Nf6 15. Qd3 Bd6 16. Bxd6 Qxd6 17. Nb5 Qb6 18. Nc3 Rc6 19. Na4 Qa6 20. Qxa6 Rxa6
21. Nc3 Rc8 22. Rd3 Rac6 23. f3 a6 24. Rc1 b5 25. Rd2 Nd7 26. Kh2 Nb6 27. Nb1
Nc4 28. Rf2 Nxb2 29. c3 Na4 30. a3 Nxc3 31. Rfc2 h6 32. Nxc3 Rc4 33. Kg1 a5 34.
Kf2 b4 35. axb4 axb4 36. Ke1 Rxc3 37. Rxc3 Rxc3 38. Rxc3 bxc3 39. Kd1 Kh7 40.
Kc2 Kg6 41. Kxc3 Kf5 42. Kd2 Kf4 43. Ke2 f6 44. Kf2 e5 45. g3+ Kf5 46. dxe5
fxe5 47. Ke3 g5 48. g4+ Kf6 49. Kd3 Ke6 50. Kc3 Kd6 51. Kb4 e4 52. fxe4 dxe4
53. Kc3 Ke5 54. Kd2 Kf4 55. Ke2 Kg3 56. Ke3 Kxh3 57. Kxe4 Kxg4 58. Ke3 Kg3 59.
Ke2 h5 60. Kf1 h4 61. Kg1 Kf3 62. Kh2 g4 63. Kg1 h3 64. Kh2 Kf2 65. Kh1 Kf3 66.
Kh2 Kf4 67. Kh1 g3 68. Kg1 Kf3 69. Kh1 g2+ 70. Kg1 Kg4 71. Kh2 Kh4 72. Kg1 Kg4
73. Kh2 Kf3 74. Kg1 Ke2 75. Kh2 Kf1 76. Kxh3 g1=Q 77. Kh4 Kf2 78. Kh3 Kf3 79.
Kh4 Qg4# 0-1

[Event "4NCL Online Division 5"]
[Site "online"]
[Date "2020.06.09"]
[Round "10.252"]
[White "Seet, Joshua"]
[Black "Tathare, Rohan"]
[Result "1-0"]
[WhiteElo "1232"]
[BlackElo "1165"]
[PlyCount "57"]
[EventDate "2020.06.09"]
[WhiteTeam "Manchester Juniors C"]
[BlackTeam "Watford Juniors B"]

1. d4 d5 2. c3 c6 3. Nd2 Bf5 4. Ngf3 Nf6 5. h3 e6 6. g4 Be4 7. Nxe4 Nxe4 8. Nd2
Nd7 9. Nxe4 dxe4 10. Bg2 Nf6 11. Bg5 Be7 12. Bxf6 Bxf6 13. Bxe4 a6 14. O-O O-O
15. Qd3 g6 16. Bg2 e5 17. dxe5 Bxe5 18. Qxd8 Raxd8 19. Rfd1 Rxd1+ 20. Rxd1 Bc7
21. Rd7 Bb8 22. Rxb7 c5 23. Rb6 Rd8 24. Rxa6 Kg7 25. Rc6 Rd2 26. Rxc5 Rxb2 27.
Bd5 Rxe2 28. Kg2 Rxa2 29. Bxa2 1-0

[Event "4NCL Online Division 5"]
[Site "online"]
[Date "2020.06.09"]
[Round "10.253"]
[White "George, Seb"]
[Black "Eccleston, Rowan"]
[Result "1/2-1/2"]
[WhiteElo "1187"]
[BlackElo "1120"]
[PlyCount "21"]
[EventDate "2020.06.09"]
[WhiteTeam "Watford Juniors B"]
[BlackTeam "Manchester Juniors C"]

1. e4 e6 2. b3 d5 3. Bb2 dxe4 4. Nc3 f5 5. f3 exf3 6. Nxf3 Nf6 7. Bc4 Nc6 8.
Qe2 Qe7 9. Ng5 Nd4 10. Qd3 e5 11. Nf7 1/2-1/2

[Event "4NCL Online Division 5"]
[Site "online"]
[Date "2020.06.09"]
[Round "10.254"]
[White "Sheehy, Lewis"]
[Black "Holland, Nicolas"]
[Result "1-0"]
[WhiteElo "992"]
[BlackElo "1225"]
[PlyCount "55"]
[EventDate "2020.06.09"]
[WhiteTeam "Manchester Juniors C"]
[BlackTeam "Watford Juniors B"]

1. e4 e6 2. d4 d5 3. Nc3 Nf6 4. Bg5 Qd7 5. Bxf6 gxf6 6. exd5 exd5 7. Bb5 c6 8.
Bd3 Bh6 9. Qf3 Qd6 10. Nge2 Na6 11. O-O Rg8 12. Bxh7 Rg7 13. Bd3 Bg4 14. Qg3
Qxg3 15. Nxg3 O-O-O 16. Nf5 Bxf5 17. Bxf5+ Kc7 18. Rfe1 Nb4 19. Re7+ Kb6 20.
Rae1 Bd2 21. R1e2 Bxc3 22. bxc3 Nxa2 23. Bd3 Nc1 24. Re1 Nxd3 25. Rb1+ Ka6 26.
cxd3 Rb8 27. Re2 Rgg8 28. Ra2# 1-0

[Event "4NCL Online Division 5"]
[Site "online"]
[Date "2020.06.09"]
[Round "10.5"]
[White "Knight, David"]
[Black "Siddle, Michael"]
[Result "1-0"]
[WhiteElo "1735"]
[BlackElo "1562"]
[PlyCount "51"]
[EventDate "2020.06.09"]
[WhiteTeam "Uxbridge Knights 2"]
[BlackTeam "Bishop Knights"]

1. c4 c5 2. Nf3 Nc6 3. Nc3 Nf6 4. g3 g6 5. Bg2 Bg7 6. O-O O-O 7. d4 cxd4 8.
Nxd4 Rb8 9. b3 e5 10. Ndb5 d5 11. cxd5 Nd4 12. Nxa7 Bd7 13. e3 Nf5 14. Nab5 Qb6
15. a4 Bxb5 16. Nxb5 Rfd8 17. e4 Nd4 18. Be3 Ng4 19. Qxg4 Qa5 20. Qd1 Qb4 21.
Rc1 Nxb3 22. Rb1 Rbc8 23. Qxb3 Qxb3 24. Rxb3 Rc2 25. Rc1 Rxc1+ 26. Bxc1 1-0

[Event "4NCL Online Division 5"]
[Site "online"]
[Date "2020.06.09"]
[Round "10.6"]
[White "Sides, David"]
[Black "Knight, Daniel"]
[Result "0-1"]
[WhiteElo "1547"]
[BlackElo "1697"]
[PlyCount "48"]
[EventDate "2020.06.09"]
[WhiteTeam "Bishop Knights"]
[BlackTeam "Uxbridge Knights 2"]

1. e4 d5 2. exd5 Nf6 3. Nc3 Bg4 4. f3 Bf5 5. Bc4 c6 6. Nge2 cxd5 7. Bb5+ Nc6 8.
Nd4 Bd7 9. Nxc6 bxc6 10. Ba4 e6 11. a3 Bd6 12. d4 O-O 13. Ne2 c5 14. Bxd7 Nxd7
15. Bf4 Bxf4 16. Nxf4 cxd4 17. Qxd4 e5 18. Qxd5 exf4 19. O-O-O Nb6 20. Qe5 Qb8
21. Qf5 Nc4 22. Rde1 Qxb2+ 23. Kd1 Ne3+ 24. Ke2 Nxf5 0-1

[Event "4NCL Online Division 5"]
[Site "online"]
[Date "2020.06.09"]
[Round "10.7"]
[White "Foale, Ron"]
[Black "Clynes, Chris"]
[Result "1-0"]
[WhiteElo "1532"]
[BlackElo "1435"]
[PlyCount "87"]
[EventDate "2020.06.09"]
[WhiteTeam "Uxbridge Knights 2"]
[BlackTeam "Bishop Knights"]

1. e4 c5 2. Nf3 d6 3. d4 cxd4 4. Nxd4 Nf6 5. Nc3 a6 6. Be2 g6 7. O-O Bg7 8. Be3
O-O 9. Qd2 Nc6 10. Rad1 Ng4 11. Bxg4 Bxg4 12. f3 Bd7 13. Nde2 Ne5 14. b3 Rc8
15. Nd5 Be6 16. Bb6 Qd7 17. Be3 f5 18. Nb6 Qc7 19. Nxc8 Rxc8 20. exf5 Bxf5 21.
Nd4 Bd7 22. Rc1 Nc6 23. Nxc6 Qxc6 24. c4 Rf8 25. Qd5+ e6 26. Qxc6 Bxc6 27. Rcd1
d5 28. cxd5 exd5 29. Bd4 Bh6 30. Rfe1 Bg5 31. Bc5 Rf7 32. a4 Rd7 33. g3 Kf7 34.
f4 Bf6 35. Bd4 Be7 36. Rf1 b5 37. axb5 Bxb5 38. Rf2 a5 39. f5 g5 40. Re1 Bb4
41. Re6 Be7 42. Rh6 Kg8 43. f6 Bb4 44. Rh5 1-0

[Event "4NCL Online Division 5"]
[Site "online"]
[Date "2020.06.09"]
[Round "10.8"]
[White "Burnett, John"]
[Black "Pordes, Ben"]
[Result "0-1"]
[WhiteElo "1247"]
[BlackElo "1555"]
[PlyCount "48"]
[EventDate "2020.06.09"]
[WhiteTeam "Bishop Knights"]
[BlackTeam "Uxbridge Knights 2"]

1. e4 e6 2. Nf3 d5 3. Bd3 Nf6 4. e5 Nfd7 5. Qe2 c5 6. Bb5 Qc7 7. d4 a6 8. Bxd7+
Bxd7 9. Nc3 Nc6 10. Bf4 cxd4 11. Nd1 Bb4+ 12. c3 dxc3 13. bxc3 Be7 14. O-O O-O
15. Nd4 Rac8 16. Nxc6 Qxc6 17. Rb1 f6 18. Bg3 b5 19. Qd3 Be8 20. Qe3 Bg6 21.
Rb3 Bc5 22. Qe2 d4 23. c4 d3 24. Qd2 bxc4 0-1

[Event "4NCL Online Division 5"]
[Site "online"]
[Date "2020.06.09"]
[Round "10.15"]
[White "Gauri, Dhairye"]
[Black "Demyan, Leo"]
[Result "1-0"]
[WhiteElo "1352"]
[BlackElo "1165"]
[PlyCount "61"]
[EventDate "2020.06.09"]
[WhiteTeam "Uxbridge Knights 4"]
[BlackTeam "Watford Juniors C"]

1. e4 e5 2. Nf3 Nc6 3. Bc4 h6 4. d4 exd4 5. Nxd4 Nxd4 6. Qxd4 Nf6 7. e5 Ng8 8.
Qf4 d5 9. Bb3 f6 10. O-O g5 11. Qf3 fxe5 12. Bxd5 Nf6 13. Rd1 Qe7 14. Nc3 Bg4
15. Bc6+ bxc6 16. Qxc6+ Kf7 17. Nd5 Nxd5 18. Rxd5 Rd8 19. Rxd8 Qxd8 20. Qc4+
Be6 21. Qe2 Kf6 22. Qf3+ Bf5 23. g4 e4 24. Qxf5+ Kg7 25. Qe5+ Kh7 26. Qxe4+ Kg7
27. Be3 Be7 28. Bd4+ Kf8 29. Bxh8 Qb8 30. Re1 Bd8 31. Qe8# 1-0

[Event "4NCL Online Division 5"]
[Site "online"]
[Date "2020.06.09"]
[Round "10.16"]
[White "Keerthi Kumar, Advait"]
[Black "Bhat, Advay"]
[Result "1-0"]
[WhiteElo "1075"]
[BlackElo "1157"]
[PlyCount "51"]
[EventDate "2020.06.09"]
[WhiteTeam "Watford Juniors C"]
[BlackTeam "Uxbridge Knights 4"]

1. e4 e5 2. Nf3 Nc6 3. Be2 Nf6 4. Nc3 Bb4 5. O-O O-O 6. a3 Ba5 7. b4 Bb6 8. d3
Bd4 9. Nxd4 exd4 10. Nd5 Nxd5 11. exd5 Ne7 12. Bf3 b6 13. b5 a6 14. d6 cxd6 15.
Bxa8 axb5 16. Be4 Nc6 17. a4 bxa4 18. Bxc6 dxc6 19. Rxa4 b5 20. Ra1 c5 21. Bf4
b4 22. Ra8 Qd7 23. Rb8 Qe6 24. Rb6 Rd8 25. Re1 Qg6 26. Rxd6 1-0

[Event "4NCL Online Division 5"]
[Site "online"]
[Date "2020.06.09"]
[Round "10.17"]
[White "Cepoi, Gesneria"]
[Black "Khandelwal, Akshaj"]
[Result "1-0"]
[WhiteElo "1075"]
[BlackElo "1150"]
[PlyCount "41"]
[EventDate "2020.06.09"]
[WhiteTeam "Uxbridge Knights 4"]
[BlackTeam "Watford Juniors C"]

1. e4 d5 2. Nc3 Nf6 3. f3 e6 4. e5 Nh5 5. Bb5+ c6 6. Be2 Qg5 7. g4 Nf4 8. h4
Qxe5 9. d4 Qf6 10. g5 Qf5 11. Bf1 Bd6 12. Nh3 Nd7 13. Bd3 Nxd3+ 14. cxd3 Bg3+
15. Ke2 Bxh4 16. Qg1 h6 17. f4 f6 18. Kd1 Qxd3+ 19. Bd2 e5 20. Nf2 Qf3+ 21. Ne2
1-0

[Event "4NCL Online Division 5"]
[Site "online"]
[Date "2020.06.09"]
[Round "10.18"]
[White "Shah, Prem"]
[Black "Eshwar, Ananya"]
[Result "1-0"]
[WhiteElo "1022"]
[BlackElo "902"]
[PlyCount "115"]
[EventDate "2020.06.09"]
[WhiteTeam "Watford Juniors C"]
[BlackTeam "Uxbridge Knights 4"]

1. d4 d5 2. e4 Nf6 3. Nc3 Nc6 4. Bf4 e6 5. Bb5 Bd7 6. exd5 exd5 7. Bxc6 Bxc6 8.
Nf3 Bd6 9. Bxd6 Qxd6 10. O-O O-O 11. Qd3 a6 12. Rfe1 Rfe8 13. Rxe8+ Rxe8 14. g3
Bb5 15. Nxb5 axb5 16. Qxb5 b6 17. Qa6 h6 18. a4 Qc6 19. c3 Qc4 20. Qb7 Qe2 21.
Kg2 Qxb2 22. Rd1 Qxc3 23. Qa6 Qc2 24. Rd2 Qc3 25. Rd3 Qc6 26. Ne5 Qe6 27. Qb7
c5 28. Nf3 Qd6 29. Ne5 c4 30. Qxf7+ Kh7 31. Qg6+ Kh8 32. Rf3 Qe6 33. Re3 Qc8
34. Nf7+ Kg8 35. Nd6 Qg4 36. Rxe8+ Nxe8 37. Qxg4 Nxd6 38. Qe6+ Kf8 39. Qxd6+
Kf7 40. Qxd5+ Kf6 41. Qc6+ Kf5 42. Qxb6 Ke4 43. a5 Kd3 44. Qb1+ Kd2 45. Qa2+
Kd3 46. a6 c3 47. a7 c2 48. Qb3+ Kd2 49. a8=Q c1=Q 50. Qa5+ Ke2 51. Qaa2+ Qd2
52. Qxd2+ Kxd2 53. d5 g5 54. d6 h5 55. d7 h4 56. d8=R+ Ke2 57. Qc2+ Ke1 58.
Rd1# 1-0

[Event "4NCL Online Division 5"]
[Site "online"]
[Date "2020.06.09"]
[Round "10.25"]
[White "Adiraju, Sumukh"]
[Black "Smith, Richard"]
[Result "0-1"]
[WhiteElo "700"]
[BlackElo "1427"]
[PlyCount "62"]
[EventDate "2020.06.09"]
[WhiteTeam "BBC Foxes"]
[BlackTeam "Uxbridge Knights 3"]

1. e4 c5 2. Nf3 Nc6 3. d4 cxd4 4. Nxd4 e6 5. Nxc6 bxc6 6. Bc4 Ne7 7. Nc3 Bb7 8.
Bf4 d5 9. exd5 Nxd5 10. Bxd5 exd5 11. Qe2+ Be7 12. Bg5 f6 13. Be3 O-O 14. Bd4
c5 15. Nxd5 Bxd5 16. Be3 Qc7 17. c4 Bb7 18. Bd2 Bd6 19. Qe6+ Kh8 20. Qg4 Rae8+
21. Kf1 Be4 22. f3 Bd3+ 23. Kg1 Re2 24. Bh6 gxh6 25. h4 Rg8 26. Qxg8+ Kxg8 27.
Rd1 Bg6 28. Kf1 Rxb2 29. Rxd6 Qxd6 30. Kg1 Qg3 31. Rh2 Rb1# 0-1

[Event "4NCL Online Division 5"]
[Site "online"]
[Date "2020.06.09"]
[Round "10.26"]
[White "Nandi, Asoke K"]
[Black "Tran, Le Gia Khuong"]
[Result "1-0"]
[WhiteElo "1457"]
[BlackElo "700"]
[PlyCount "83"]
[EventDate "2020.06.09"]
[WhiteTeam "Uxbridge Knights 3"]
[BlackTeam "BBC Foxes"]

1. e4 e6 2. d4 d6 3. Nf3 Nf6 4. Bd3 Nc6 5. c3 Be7 6. O-O Bd7 7. Bg5 O-O 8. Nbd2
d5 9. Bxf6 Bxf6 10. exd5 exd5 11. Qc2 Re8 12. Rfe1 Rxe1+ 13. Rxe1 g6 14. a3 Bg4
15. Bb5 Bd7 16. Bxc6 Bxc6 17. Ne5 Bxe5 18. Rxe5 Qd7 19. Nf3 Re8 20. Qe2 Rxe5
21. Qxe5 Qe6 22. Qxc7 Qd7 23. Qf4 Qf5 24. Qc1 Ba4 25. h3 Qc2 26. Qxc2 Bxc2 27.
Ne5 b6 28. Nd7 Bb3 29. Ne5 f6 30. Nc6 a5 31. g4 Ba4 32. Na7 b5 33. Nc8 Bb3 34.
f4 Bc4 35. Kf2 a4 36. Kg3 Kg7 37. h4 Kh6 38. Nd6 Be2 39. g5+ fxg5 40. fxg5+ Kh5
41. Ne8 h6 42. Nf6# 1-0

[Event "4NCL Online Division 5"]
[Site "online"]
[Date "2020.06.09"]
[Round "10.27"]
[White "Panunzio, Jacopo"]
[Black "Hasan, Abu"]
[Result "0-1"]
[WhiteElo "700"]
[BlackElo "1405"]
[PlyCount "78"]
[EventDate "2020.06.09"]
[WhiteTeam "BBC Foxes"]
[BlackTeam "Uxbridge Knights 3"]

1. e4 e5 2. Nf3 Nf6 3. Nxe5 Nc6 4. Nxc6 dxc6 5. Bd3 Bc5 6. Nc3 Ng4 7. O-O Qh4
8. Re1 Qxh2+ 9. Kf1 Bxf2 10. Qf3 Bxe1 11. Kxe1 Qh4+ 12. g3 Qh2 13. Bf1 Ne5 14.
Qf4 Ng4 15. Bc4 Qg1+ 16. Qf1 Qxg3+ 17. Kd1 Nf2+ 18. Ke1 Nxe4+ 19. Kd1 Bg4+ 20.
Ne2 O-O 21. d3 Rad8 22. Bf4 Nf2+ 23. Ke1 Nxd3+ 24. Kd1 Bxe2+ 25. Qxe2 Nxf4+ 26.
Bd3 Nxe2 27. Kxe2 Rfe8+ 28. Kd2 Qf2+ 29. Kc3 Qd4+ 30. Kd2 Qe3+ 31. Kc3 c5 32.
Rh1 Qd4+ 33. Kd2 h6 34. Rf1 Qxb2 35. Rf5 c4 36. Rc5 cxd3 37. Rxc7 dxc2+ 38. Rd7
c1=Q+ 39. Kd3 Rxd7# 0-1

[Event "4NCL Online Division 5"]
[Site "online"]
[Date "2020.04.14"]
[Round "2.11"]
[White "Lingard, Geoffrey W"]
[Black "Cheal, Barry A"]
[Result "1/2-1/2"]
[WhiteElo "1765"]
[BlackElo "2193"]
[PlyCount "99"]
[EventDate "2020.04.14"]
[WhiteTeam "Bude Surfers"]
[BlackTeam "Hertford"]

1. e4 c6 2. d4 d5 3. Nc3 dxe4 4. Nxe4 Bf5 5. Ng3 Bg6 6. Nf3 Nd7 7. Bd3 e6 8.
O-O Ngf6 9. Re1 Qc7 10. Bxg6 hxg6 11. Bg5 Be7 12. Qd2 O-O-O 13. Bf4 Bd6 14.
Bxd6 Qxd6 15. Rad1 Kb8 16. Qe2 Qf4 17. Qe3 Qxe3 18. fxe3 Nh5 19. Ne4 Nhf6 20.
Neg5 Rhf8 21. e4 Kc7 22. e5 Nd5 23. Ne4 f6 24. Ng3 Rde8 25. Rd2 g5 26. h3 N7b6
27. c3 Nf4 28. b3 Nbd5 29. c4 Ne7 30. Ne2 Nf5 31. Nxf4 gxf4 32. exf6 Rxf6 33.
Re5 Rd8 34. Ng5 Nxd4 35. Rxd4 Rxd4 36. Nxe6+ Rxe6 37. Rxe6 Rd7 38. Kf2 Rd2+ 39.
Re2 Rxe2+ 40. Kxe2 Kd6 41. Kf3 Ke5 42. g3 fxg3 43. Kxg3 Kf5 44. Kf3 c5 45. Ke3
a6 46. Kf3 Kg5 47. Kg3 Kf5 48. Kf3 Kg5 49. Kg3 Kf5 50. Kf3 1/2-1/2

[Event "4NCL Online Division 5"]
[Site "online"]
[Date "2020.04.14"]
[Round "2.12"]
[White "Buswell, A Mark"]
[Black "Constable, Christine F"]
[Result "1-0"]
[WhiteElo "1810"]
[BlackElo "1577"]
[PlyCount "123"]
[EventDate "2020.04.14"]
[WhiteTeam "Hertford"]
[BlackTeam "Bude Surfers"]

1. d4 Nf6 2. c4 g6 3. Nc3 Bg7 4. e4 d6 5. Nf3 O-O 6. Be2 e5 7. O-O Nc6 8. d5
Ne7 9. Ne1 Ne8 10. Be3 f5 11. f3 f4 12. Bf2 Bd7 13. c5 a6 14. a4 Nf6 15. Nd3 g5
16. Qb3 Rb8 17. cxd6 cxd6 18. Nxe5 Nh5 19. Bb6 Qc8 20. Nc4 Rf6 21. Bd4 Rg6 22.
Bxg7 Kxg7 23. Qb4 Qc5+ 24. Qxc5 dxc5 25. Ne5 Rd6 26. Nd3 Ng6 27. e5 Rb6 28. a5
Rb3 29. Nxc5 Rxb2 30. Nxd7 Rc8 31. Rfc1 Kf7 32. Bf1 Rb3 33. Ne4 Rd8 34. Nxg5+
Ke7 35. e6 h6 36. Ne4 Ng7 37. Rc7 Ne8 38. Rc3 Rb4 39. Rac1 Rd4 40. Nb6 Ne5 41.
Nc5 Rb8 42. Ncd7 Rd8 43. Nxe5 Kf8 44. Rc8 Rxc8 45. Rxc8 Rd1 46. Nbd7+ Ke7 47.
Ng6+ Kd6 48. Rxe8 Kxd5 49. Nxf4+ Kd6 50. Nb6 Re1 51. Rd8+ Ke7 52. Rd7+ Ke8 53.
Rxb7 h5 54. Nbd5 Re5 55. Nf6+ Kf8 56. Nd7+ Ke7 57. Nxe5+ Ke8 58. Nd5 h4 59.
Nf6+ Kd8 60. e7+ Kc8 61. Rd7 h3 62. e8=Q# 1-0

[Event "4NCL Online Division 5"]
[Site "online"]
[Date "2020.04.14"]
[Round "2.13"]
[White "Constable, John"]
[Black "Judkins, Brian D"]
[Result "0-1"]
[WhiteElo "1562"]
[BlackElo "1697"]
[PlyCount "170"]
[EventDate "2020.04.14"]
[WhiteTeam "Bude Surfers"]
[BlackTeam "Hertford"]

1. Nf3 Nc6 2. c4 e5 3. Nc3 Nf6 4. d3 g6 5. g3 Bg7 6. Bg2 O-O 7. O-O d6 8. Bg5
h6 9. Bxf6 Bxf6 10. Nd5 Bg7 11. Qd2 Be6 12. Ne1 Rb8 13. Rb1 Ne7 14. Nc3 f5 15.
f4 exf4 16. gxf4 d5 17. cxd5 Nxd5 18. Nxd5 Bxd5 19. Kh1 Re8 20. Nf3 Kh7 21. b3
c6 22. e3 Qb6 23. d4 Rbd8 24. Ne5 Bxg2+ 25. Qxg2 Bxe5 26. fxe5 Qa5 27. Rg1 Qd5
28. Qxd5 Rxd5 29. Rbf1 Rd7 30. Rf2 Re6 31. h4 Rf7 32. Rgf1 Rg7 33. Rf4 h5 34.
e4 fxe4 35. Rxe4 Rge7 36. Ref4 Kg7 37. Rf8 Rd7 38. Rb8 Ree7 39. Rff8 Rxd4 40.
Rg8+ Kf7 41. Rbf8+ Ke6 42. Rxg6+ Kxe5 43. Rg5+ Kd6 44. Rd8+ Rd7 45. Rdg8 Rxh4+
46. Kg2 Kc7 47. Rh8 Rg4+ 48. Rxg4 hxg4 49. Rg8 Rd2+ 50. Kg3 Rxa2 51. Rxg4 Rb2
52. b4 Kb6 53. Kf3 a6 54. Ke3 Kb5 55. Kd3 Rxb4 56. Rg7 Ka4 57. Kc3 b5 58. Rg1
Rc4+ 59. Kb2 b4 60. Ra1+ Kb5 61. Rg1 a5 62. Rg5+ Rc5 63. Rg8 Rf5 64. Rb8+ Kc4
65. Rd8 Rf2+ 66. Kc1 a4 67. Rd1 a3 68. Kb1 c5 69. Rc1+ Kb3 70. Ka1 Ra2+ 71. Kb1
Rb2+ 72. Ka1 Rc2 73. Rb1+ Kc4 74. Rf1 b3 75. Rf4+ Kb5 76. Rf1 b2+ 77. Kb1 Rc1+
78. Rxc1 bxc1=Q+ 79. Kxc1 Kc4 80. Kc2 a2 81. Kb2 Kd3 82. Kxa2 Kc3 83. Kb1 Kd2
84. Kb2 c4 85. Kb1 c3 0-1

[Event "4NCL Online Division 5"]
[Site "online"]
[Date "2020.04.14"]
[Round "2.14"]
[White "Marshall, Duncan"]
[Black "Russell, Lloyd"]
[Result "1-0"]
[WhiteElo "1652"]
[BlackElo "1210"]
[PlyCount "103"]
[EventDate "2020.04.14"]
[WhiteTeam "Hertford"]
[BlackTeam "Bude Surfers"]

1. d4 c6 2. e3 d5 3. f4 Nf6 4. Nf3 Bg4 5. Nbd2 e6 6. Bd3 Bd6 7. O-O O-O 8. Qe1
Bxf3 9. Rxf3 c5 10. c3 c4 11. Bc2 Nbd7 12. Rh3 b5 13. e4 Bxf4 14. e5 Bxd2 15.
Bxd2 Ne4 16. Bxe4 dxe4 17. Qxe4 g6 18. Rf1 f5 19. exf6 Rxf6 20. Rhf3 Rxf3 21.
Qxe6+ Kh8 22. Rxf3 Qe8 23. Re3 Qxe6 24. Rxe6 a5 25. Re7 Ra7 26. Bf4 Kg8 27. Be5
h5 28. Rg7+ Kf8 29. Rxg6 Nxe5 30. dxe5 Rd7 31. Rd6 Ke7 32. Rxd7+ Kxd7 33. Kf2
Ke6 34. Kf3 Kxe5 35. h3 Kf5 36. g4+ hxg4+ 37. hxg4+ Kg5 38. Ke4 Kxg4 39. Kd4
Kf3 40. Kc5 Ke3 41. Kxb5 Kd3 42. Kxa5 Kc2 43. Kb4 Kxb2 44. a4 Kc2 45. a5 Kd3
46. a6 Ke4 47. a7 Kd3 48. a8=Q Kc2 49. Qf3 Kb2 50. Kxc4 Ka3 51. Qb7 Ka4 52.
Qb4# 1-0